Bài giảng cơ sở lý thuyết hóa học

Na minha lista:
Detalhes bibliográficos
Autor principal: Bùi, Thị Huệ
Formato: Livro
Idioma:Undetermined
Publicado em: Hà Nội Xây dựng 2003
Assuntos:
Tags: Adicionar Tag
Sem tags, seja o primeiro a adicionar uma tag!
Thư viện lưu trữ: Trung tâm Học liệu Trường Đại học Cần Thơ
LEADER 00565nam a2200205Ia 4500
001 CTU_101185
008 210402s9999 xx 000 0 und d
020 |c 30000 
082 |a 540.1 
082 |b H507 
100 |a Bùi, Thị Huệ 
245 0 |a Bài giảng cơ sở lý thuyết hóa học 
245 0 |c Bùi Thị Huệ, Lê Khánh An 
260 |a Hà Nội 
260 |b Xây dựng 
260 |c 2003 
650 |a Chemistry 
650 |x Philosophy 
904 |i Minh 
980 |a Trung tâm Học liệu Trường Đại học Cần Thơ